Loading...

Comparative animal physiology

Bibliographic Details
Main Author: Prosser, C Ladd, Ed
Format: Printed Book
Published: Satish Book Enterprise, Agra 1985
Edition:3
Subjects:
LEADER 00498nam a2200193 4500
020
082 |a 571.1 PRO-C3 
100 |a Prosser, C Ladd, Ed. 
245 |a Comparative animal physiology 
250 |a 3 
260 |a Satish Book Enterprise, Agra  |c 1985 
300
490
500
590 |a VIN 
650 |a Animal Physiology 
942 |c BK 
999 |c 90201  |d 90201 
952 |0 0  |1 0  |4 0  |6 571_100000000000000_PROC3  |7 0  |9 103669  |a ZGY  |b ZGY  |l 0  |o 571.1 PRO-C3  |p ZGY02737  |r 2019-09-25  |w 2019-09-25  |y BK